Mahakavi Pampa (Record no. 79144)

MARC details
000 -LEADER
fixed length control field 00662cam a22002291 4500
001 - CONTROL NUMBER
control field sa 68002985
003 - CONTROL NUMBER IDENTIFIER
control field DLC
005 - DATE AND TIME OF LATEST TRANSACTION
control field 20260227112448.0
008 - FIXED-LENGTH DATA ELEMENTS--GENERAL INFORMATION
fixed length control field 800221s1967 ii b 000 0beng
010 ## - LIBRARY OF CONGRESS CONTROL NUMBER
LC control number sa 68002985
040 ## - CATALOGING SOURCE
Original cataloging agency DLC
Transcribing agency DLC
Modifying agency DLC
050 00 - LIBRARY OF CONGRESS CALL NUMBER
Classification number PL4659.P258
Item number Z878
082 00 - DEWEY DECIMAL CLASSIFICATION NUMBER
Classification number 894/.8/1411
100 1# - MAIN ENTRY--PERSONAL NAME
Personal name Sītārāmayya, Vi.,
Dates associated with a name 1899-1983.
245 10 - TITLE STATEMENT
Title Mahakavi Pampa
Statement of responsibility, etc. [by] V. Sitaramiah.
260 ## - PUBLICATION, DISTRIBUTION, ETC.
Place of publication, distribution, etc. Bombay,
Name of publisher, distributor, etc. Popular Prakashan
Date of publication, distribution, etc. [1967]
300 ## - PHYSICAL DESCRIPTION
Extent vi, 245 p.
Dimensions 23 cm.
350 ## - PRICE (NR) (BK AM CF MU VM SE) [OBSOLETE]
Price Rs 20
500 ## - GENERAL NOTE
General note Includes selections from Pampa's works.
504 ## - BIBLIOGRAPHY, ETC. NOTE
Bibliography, etc. note Bibliography: p. 245.
600 00 - SUBJECT ADDED ENTRY--PERSONAL NAME
Personal name Pampa,
Dates associated with a name 902-
General subdivision Criticism and interpretation.

No items available.

Powered by Koha